023_ Personnalités nées un 23 janvier par images - Statistiques

Statistiques générales
  • Ce quiz a été pris 46 fois
  • Le résultat moyen est 3 sur 9
Statistiques - réponses
Par images Hint Réponse % Correct
Acteur Didier Bourdon
91%
Rappeur XXXTentacion
44%
Acteur Éric Métayer
31%
Écrivain Stendhal
27%
Karatéka Steven Da Costa
22%
Actrice Léa Drucker
20%
Actrice Jeanne Moreau
18%
Peintre Édouard Manet
13%
Actrice Joséphine de Meaux
13%
Aucun quiz correspondant
Distribution des résultats
% des personnes avec chaque résultat
Percentile par nombre de réponses
Votre historique - résultats
Vous n’avez pas pris ce quiz